| 000 | 00563nam 22002173 4500 | ||
|---|---|---|---|
| 001 | 200066 | ||
| 010 | _a972-8515-24-3 | ||
| 021 |
_aPT _b157005/00 |
||
| 090 | _a200066 | ||
| 100 | _a20260120d u||y0pory50 ba | ||
| 200 |
_aHorus _fJosé Abrantes _gdesign Miguel Rocha |
||
| 205 | _a1ª | ||
| 210 |
_a[S.l.] _cBaleiazul _d2000 |
||
| 215 |
_a[46] p. _cil. ; brochado _d23 cm |
||
| 606 |
_91586 _aDesenho Artístico |
||
| 610 | _aBanda desenhada | ||
| 675 |
_a74 _vPT _zpor |
||
| 700 |
_915714 _aAbrantes _bJosé |
||
| 801 |
_aPT _bBMMN _gRPC |
||
| 830 | _cIsabel | ||
| 990 | _cLIVROS | ||